000 00269nam a2200109Ia 4500
008 140130s9999 xx 000 0 und d
245 _cMedearis, Angela Shelf
_aHere comes the snow (w/cd)
260 _bScholastic,
_c1996
440 _v1
942 _cBK
999 _c41706
_d41706